01898nam a2200133 4500008001000000020001800010082001500028100004600043245007700089260007600166300003600242505140500278650008101683708 R433d a9789930949801 a708bR433d aResenterra Quirós, Fiorella (edición) aD`aquí:bEnsayo para la construcción de una colección de diseño  aSan José, Costa Rica bMuseo de Arte y Diseño Contemporáneoc2014 a72 p.bill (col)c30,5 x 23 cm  tCréditos de la muestra tTextos MADC: D13 - D`aquí // Los objetos, un ejercicio de diseño tSala 02 tHueveratAnafre tVasos de casco y media luna tVajilla de loza o peltre tCafé tChorreador de café tCómo hacer café chorreado tLuz de piedra tMaíz tMetatetMoledor de granos tPrensa Nuevas costumbres - Luz de piedra tComal tRejillatUn embalaje sostenible - el tamal tOlla tradicional y recetas tCacao tMolinillo tCuchara tradicional tPataconera tLos patacones tSala_03tAlcancía de cerdo tLadrillo tBolsas de agua tJuegos tradicionales tRevista colectiva tIlustraciones - Pupila Estudio tCorredores tMecedora Mandarina - Ideamateria tBarco de papel - Ktú tMecedora Jérwö - BuáwatBanca encuentro - Rodolfo Morales tMaceta y macetero tEscobas (redonda y plana) tCabuya tTextiles boruca tWeekender bag - Autóctono tJabatChonete / patrón del chonete tMachete y vaina tGarabato tCarreta tLa luna sobre Sarchí - La bordadoras tBotas tZapatos splitt tEspuma de para buses - Ghiselle Jiménez tCarritos ambulantes tRaspahielo - vasito de copostMismas caritas - Alfonso Vega ¨Poncho¨tDe la moda lo que te incomoda tLa Ningüenta tSala_04tProyecto Mr. Masking tProyecto Guachi tProyecto Pollo tTexto: "D´aquí" Introspección para reconocernos tActividades educativas tReferenciastCréditos MADC tAgradecimientos  xarte contemporáneo xarte - MADC xdiseño costarricense xarte - objeto